Kanye West Discography - Statistics

General Stats
  • This quiz has been taken 2,119 times
    1,429 since last reset
  • The average score is 12 of 21
Answer Stats
Year Name Type % Correct
2004 The College Dropout Album
94%
2021 Donda Album
93%
2007 Graduation Album
93%
2018 ye Album
91%
2005 Late Registration Album
89%
2010 My Beautiful Dark Twisted Fantasy Album
87%
2013 Yeezus Album
87%
2016 The Life of Pablo Album
84%
2011 Watch the Throne Collaborative Album
82%
2019 Jesus Is King Album
81%
2018 KIDS SEE GHOSTS Collaborative Album
81%
2008 808s & Heartbreak Album
80%
2022 Donda 2 Album
73%
2012 Cruel Summer Compilation
41%
2006 Late Orchestration Live/Video Album
39%
2003 Get Well Soon... Mixtape
12%
2007 Can't Tell Me Nothing Mixtape
10%
2003 I'm Good Mixtape
8%
2010 VH1 Storytellers: Kanye West Live/Video Album
5%
2005 The College Dropout Video Anthology Video Album
4%
2006 Welcome to Kanye's Soul Mix Show Mixtape
4%
No matching quizzes found
Score Distribution
Percent of People with Each Score
Percentile by Number Answered
Your Score History
You have not taken this quiz since the last reset